| 000 | 00628ntaaa2200193 4500 | ||
|---|---|---|---|
| 003 | 01 | ||
| 005 | 20251027202118.0 | ||
| 008 | 0714s1973 ag 01 | ||
| 040 |
_aAR-BaBN _bspa _cAR-BaBN _eaacr _dRIC |
||
| 082 | _a253.0000 Or2 | ||
| 245 | _aThe ordination of Baptist ministers | ||
| 250 | _a1 ed. | ||
| 260 |
_aNashville : _bBroadman Press, _cs.f. |
||
| 300 | _a16 p | ||
| 500 | _aA paper prepared jointly by the faculties of the Southern Baptist Theological Seminary, Southwestern and New Orleans Baptist Theological Seminaries | ||
| 650 |
_aordenación-ministros _919582 |
||
| 650 |
_apastor-ordenación _919583 |
||
| 942 | _cBK | ||
| 999 |
_c15987 _d15987 |
||